Países sin Vocales #1 - Estadísticas

Estadísticas generales
  • Esta prueba ha sido intentada 5.635 veces
  • La puntuación promedio es 21 de 25
Estadísticas de respuestas
Pista País % Correcto
M_N_C_ Mónaco
97%
B_LG_R__ Bulgaria
96%
N_P_L Nepal
95%
M_X_C_ México
94%
CR__C__ Croacia
93%
_SL_S M_RSH_LL Islas Marshall
93%
J_RD_N__ Jordania
93%
K_N__ Kenia
92%
M_LD_V_S Maldivas
90%
R_P_BL_C_ D_M_N_C_N_ República Dominicana
89%
_ST_N__ Estonia
88%
C_B_ V_RD_ Cabo Verde
87%
N_C_R_G__ Nicaragua
87%
B_L_V__ Bolivia
86%
S_NT_ L_C__ Santa Lucía
86%
T_Y_K_ST_N Tayikistán
82%
L__CHT_NST__N Liechtenstein
81%
_ND_RR_ Andorra
78%
B_LG_C_ Bélgica
73%
S_R_N_M Surinam
73%
_RG_NT_N_ Argentina
72%
S_R__ Siria
71%
V_N__T_ Vanuatu
63%
_L_M_N__ Alemania
62%
G__N__ Guinea
51%
No se encontraron pruebas coincidentes
Distribución de puntuación
Porcentaje de gente con cada puntuación
Porcentaje por número respondido
Historial de tus puntuaciones
No has intentado esta prueba.